Geologia delle province venete con carte geologiche e profili (Record no. 166030)

MARC details
000 -LEADER
campo de control de longitud fija 00831nam a22001935i 4500
001 - NÚMERO DE CONTROL
campo de control 166030
003 - IDENTIFICADOR DE NÚMERO DE CONTROL
campo de control ES-MaACL
005 - FECHA Y HORA DE LA ÚLTIMA TRANSACCIÓN
campo de control 20250726063043.0
008 - DATOS DE LONGITUD FIJA--INFORMACIÓN GENERAL
campo de control de longitud fija 050919s1882 it ab | |||||||| ||ita d
040 ## - FUENTE DE CATALOGACIÓN
Centro catalogador/agencia de origen CAM
Lengua de catalogación spa
Centro/agencia transcriptor CAM
100 1# - ENTRADA PRINCIPAL--NOMBRE DE PERSONA
Nombre de persona Taramelli, Torquato,
Fechas asociadas al nombre 1845-1922
9 (RLIN) 224308
245 10 - MENCIÓN DEL TÍTULO
Título Geologia delle province venete con carte geologiche e profili
Resto del título : memoria /
Mención de responsabilidad, etc. Torquato Taramelli.
260 ## - PUBLICACIÓN, DISTRIBUCIÓN, ETC.
Lugar de publicación, distribución, etc. Roma :
Nombre del editor, distribuidor, etc. [s.n.],
Fecha de publicación, distribución, etc. 1882 (
Fabricante coi Tipi del Salviucci)
300 ## - DESCRIPCIÓN FÍSICA
Extensión 236 p., [3] h. de map. dobles ;
Dimensiones 30 cm.
594 ## - Nota al título y mención de responsabilidad
Nota al título y mención de responsabilidad Precede al tit.: Reale Academia dei Lincei (Anno CCLXXIX 1881-82)
650 #4 - PUNTO DE ACCESO ADICIONAL DE MATERIA--TÉRMINO DE MATERIA
Término de materia o nombre geográfico como elemento de entrada Geología-
Subdivisión geográfica Véneto.
9 (RLIN) 157286
852 ## - LOCALIZACIÓN
Ubicación ES-MaACL
Número de control de estantería T-896-F-1
Nota libre -- Enc. hol., conservando la enc. original
-- -- Legado de Federico de Botella y de Hornos
-- -- Enc. en un vol .facticio
Holdings
Estatus retirado Estado de pérdida Estado de daño No para préstamo Colección Biblioteca de origen Biblioteca actual Ubicación en estantería Fecha de adquisición Fuente de adquisición Total de préstamos Signatura topográfica completa Código de barras Visto por última vez Precio de reemplazo Tipo de ítem Koha
        Colección de folletos Biblioteca del Ateneo de Madrid Biblioteca del Ateneo de Madrid Depósito folletos 17/01/2008     T-896-F-1 1174122 23/02/2023 23/02/2023 Folleto